Rocznik Towarzystwa naukowego warszawskiego. Roč.29, 1936

Bibliographic Details
Format: Book
Language:Undetermined
Published: Warszawa Nakładem Towarzystwa naukowego warszawskiego 1937

MARC

LEADER 00000nam a2200000 a 4500
001 vtls001409460
003 SK-MaSNL
005 20260224070338.0
008 010315s1937 xx 0 und
035 |a SNK000364148 
040 |a SNK  |b slo  |c SNK  |e AACR2 
245 1 |a Rocznik Towarzystwa naukowego warszawskiego. Roč.29, 1936 
260 |a Warszawa  |b Nakładem Towarzystwa naukowego warszawskiego  |c 1937 
999 |c 897821  |d 899751 
952 |a SNK  |b SNK  |y PREZ  |7 0  |p 17A0293086  |o snkČC 225/29/1936  |0 0  |1 1  |4 0  |d 2001-03-15  |l 0  |r 2005-01-02 00:00:00  |w 2026-02-24 
952 |a SNK  |b SNK  |y PREZ  |7 0  |p 17A0390606  |o snkČC 225/24/1931  |i snk859/38  |0 0  |1 1  |4 0  |d 2003-07-22  |l 0  |r 2005-01-02 00:00:00  |w 2026-02-24 
952 |a SNK  |b SNK  |y PREZ  |7 0  |p 17A0390557  |o snkČC 225/28/1935  |i snk383/38  |0 0  |1 1  |4 0  |d 2003-07-22  |l 0  |r 2005-01-02 00:00:00  |w 2026-02-24 
952 |a SNK  |b SNK  |y PREZ  |7 0  |p 17A0390631  |o snkČC 225/27/1934  |i snk382/38  |0 0  |1 1  |4 0  |d 2003-07-22  |l 0  |r 2005-01-02 00:00:00  |w 2026-02-24